| 000 | 00651pam a2200193 a 4500 | ||
|---|---|---|---|
| 020 | _a0195080599 (acidfree paper) | ||
| 040 | _cDLC | ||
| 082 | 0 | 0 | _a511 OXF 1995 A034 Or. |
| 100 | 1 | _aKowalski, Marek A., | |
| 245 | 1 | 0 | _aSelected topics in approximation and computation / |
| 260 |
_aNew York : _bOxford University Press, _c1995. |
||
| 300 |
_axiv, 349 p. : _bill. ; _c25 cm. |
||
| 650 | 0 | _aApproximation theory. | |
| 700 | 1 | _aSikorski, Krzysztof A., | |
| 700 | 1 | _aStenger, Frank. | |
| 856 | 4 | 2 | _uhttp://www.loc.gov/catdir/enhancements/fy0605/95006224-d.html |
| 856 | 4 | 1 | _uhttp://www.loc.gov/catdir/enhancements/fy0605/95006224-t.html |
| 942 | _cEK | ||
| 999 |
_c12816 _d12816 |
||